Central Library OPAC University of Rajshahi

Facing Mount Kenya : (Record no. 23443)

MARC details
000 -LEADER
fixed length control field 00775nam a22002531 4500
001 - CONTROL NUMBER
control field 23443
003 - CONTROL NUMBER IDENTIFIER
rucl marc code BD-RjUL
005 - DATE AND TIME OF LATEST TRANSACTION
control field 20211209000930.0
008 - FIXED-LENGTH DATA ELEMENTS--GENERAL INFORMATION
fixed length control field 140310s1961 enka 001 0 eng d
035 ## - SYSTEM CONTROL NUMBER
System control number (BD-RjUL)23508
040 ## - CATALOGING SOURCE
Original cataloging agency DLC
Transcribing agency DLC
Modifying agency DLC
-- BD-RjUL
Language of cataloging eng
041 ## - LANGUAGE CODE
Language code of text/sound track or separate title eng
082 00 - DEWEY DECIMAL CLASSIFICATION NUMBER
Classification number 572.96765
Author mark and year KEF 1961
100 1# - MAIN ENTRY--PERSONAL NAME
Personal name Kenyatta, Jomo.
9 (RLIN) 72201
245 10 - TITLE STATEMENT
Title Facing Mount Kenya :
Remainder of title the tribal life of Gikuyu /
Statement of responsibility, etc. by Jomo Kenyatta, with an introduction by B. Malinowski.
260 ## - PUBLICATION, DISTRIBUTION, ETC. (IMPRINT)
Place of publication, distribution, etc. London :
Name of publisher, distributor, etc. Secker and Warburg,
Date of publication, distribution, etc. 1961.
300 ## - PHYSICAL DESCRIPTION
Pagination xxv, [1], 339 p.
Illustrations illus. (incl. map)
Size 23 cm.
500 ## - GENERAL NOTE
General note "First published in 1938."
504 ## - BIBLIOGRAPHY, ETC. NOTE
Bibliography, etc Includes index.
650 #0 - SUBJECT ADDED ENTRY--TOPICAL TERM
Topical term or geographic name as entry element Kikuyu tribe.
9 (RLIN) 72202
942 ## - ADDED ENTRY ELEMENTS (KOHA)
Source of classification or shelving scheme Dewey Decimal Classification
Koha item type Books
Holdings
Lost status Source of classification or shelving scheme Damaged status Not for loan Collection code Permanent Location Current Location Shelving location Date acquired Source of acquisition Cost, normal purchase price Total Checkouts Full call number Date last seen Copy number Koha item type
  Dewey Decimal Classification   Added to bundle Non-fiction Central Library, University of Rajshahi Central Library, University of Rajshahi Reading Room 22/05/1963 Mohiuddin & Sons. 10.19   572.96765 KEF 1961 10/03/2014 C-1 Books